[Event "Women's Baku Chess Olympiad"]
[Site "chess24.com"]
[Date "2016.09.06"]
[Round "5"]
[White "Lourenco, Eva"]
[Black "Goswami, Sugandha"]
[Result "*"]
[Board "4"]
[WhiteID "4305469"]
[WhiteElo "1276"]
[WhiteCountry "NZL"]
[WhiteFideId "4305469"]
[BlackID "11400510"]
[BlackElo "1276"]
[BlackCountry "FIJ"]
[BlackFideId "11400510"]

1. d4 {[%clk 1:30:53]} d5 {[%clk 1:29:54]} 2. Bf4 {[%clk 1:30:53]} Nc6 {[%clk
1:28:58]} 3. e3 {[%clk 1:30:25]} Nf6 {[%clk 1:27:22]} 4. Nf3 {[%clk 1:30:05]} e6
{[%clk 1:26:05]} 5. Nbd2 {[%clk 1:29:36]} Be7 {[%clk 1:25:02]} 6. Be2 {[%clk
1:27:13]} O-O {[%clk 1:25:09]} 7. c3 {[%clk 1:26:23]} a6 {[%clk 1:23:56]} 8. h3
{[%clk 1:24:22]} b5 {[%clk 1:23:04]} 9. O-O {[%clk 1:24:05]} Bb7 {[%clk 1:21:33]}
10. Bh2 {[%clk 1:22:47]} Ne4 {[%clk 1:05:40]} 11. Ne5 {[%clk 1:14:30]} Nxe5
{[%clk 0:59:03]} 12. Bxe5 {[%clk 1:12:32]} f6 {[%clk 0:57:34]} 13. Bh2 {[%clk
1:12:27]} Ng5 {[%clk 0:49:04]} 14. Bd3 {[%clk 1:08:40]} f5 {[%clk 0:46:32]} 15.
Nf3 {[%clk 1:00:07]} Ne4 {[%clk 0:45:58]} 16. Ne5 {[%clk 0:59:00]} Rf6 {[%clk
0:44:19]} 17. f3 {[%clk 0:55:31]} Bd6 {[%clk 0:41:59]} 18. fxe4 {[%clk 0:53:46]}
dxe4 {[%clk 0:42:05]} 19. Bc2 {[%clk 0:47:50]} Qe7 {[%clk 0:42:20]} 20. Bg3
{[%clk 0:39:04]} Rff8 {[%clk 0:40:49]} 21. Qh5 {[%clk 0:35:47]} h6 {[%clk
0:35:12]} 22. Bf4 {[%clk 0:28:40]} Rf6 {[%clk 0:35:12]} 23. h4 {[%clk 0:24:55]}
Qe8 {[%clk 0:34:05]} 24. Qxe8+ {[%clk 0:22:22]} Rxe8 {[%clk 0:34:26]} 25. h5
{[%clk 0:22:10]} g5 {[%clk 0:30:37]} 26. hxg6 {[%clk 0:20:16]} Bf8 {[%clk
0:30:19]} 27. Kf2 {[%clk 0:18:17]} Bg7 {[%clk 0:30:24]} 28. Rh1 {[%clk 0:17:50]}
Kf8 {[%clk 0:27:48]} 29. Nd7+ {[%clk 0:16:37]} Ke7 {[%clk 0:27:39]} 30. Nxf6
{[%clk 0:16:48]} Kxf6 {[%clk 0:27:20]} 31. Bxc7 {[%clk 0:15:46]} Re7 {[%clk
0:26:42]} 32. Be5+ {[%clk 0:15:46]} Kxg6 {[%clk 0:26:53]} 33. Bxg7 {[%clk
0:15:59]} Rxg7 {[%clk 0:26:57]} 34. Rh3 {[%clk 0:15:58]} Kh7 {[%clk 0:27:12]} 35.
Rah1 {[%clk 0:15:42]} Rg6 {[%clk 0:25:25]} 36. Rg3 {[%clk 0:15:28]} Rg4 {[%clk
0:20:47]} 37. Rxg4 {[%clk 0:15:37]} fxg4 {[%clk 0:21:04]} 38. Kg3 {[%clk
0:15:28]} Bc6 {[%clk 0:19:20]} 39. Kxg4 {[%clk 0:15:33]} Be8 {[%clk 0:19:26]} 40.
Bxe4+ {[%clk 0:45:32]} Bg6 {[%clk 0:48:36]} 41. Bxg6+ {[%clk 0:45:40]} Kxg6
{[%clk 0:48:58]} *

[Event "Women's Baku Chess Olympiad"]
[Site "chess24.com"]
[Date "2016.09.06"]
[Round "5"]
[White "Blackman, Katrina"]
[Black "Caruana Pulpan, Oana"]
[Result "1/2-1/2"]
[Board "1"]
[WhiteID "11100540"]
[WhiteElo "1642"]
[WhiteTitle "WCM"]
[WhiteCountry "BAR"]
[WhiteFideId "11100540"]
[WhiteEloChange "6"]
[BlackID "5600502"]
[BlackElo "1894"]
[BlackTitle "WFM"]
[BlackCountry "MLT"]
[BlackFideId "5600502"]
[BlackEloChange "-6"]

1. d4 {[%clk 1:30:56]} f5 {[%clk 1:30:57]} 2. Nf3 {[%clk 1:31:19]} Nf6 {[%clk
1:31:23]} 3. Bf4 {[%clk 1:31:44]} d6 {[%clk 1:31:47]} 4. e3 {[%clk 1:32:04]} g6
{[%clk 1:31:03]} 5. h3 {[%clk 1:32:28]} Bg7 {[%clk 1:31:09]} 6. Bh2 {[%clk
1:32:33]} O-O {[%clk 1:30:34]} 7. Be2 {[%clk 1:33:01]} Ne4 {[%clk 1:30:09]} 8.
O-O {[%clk 1:33:04]} c5 {[%clk 1:28:34]} 9. c3 {[%clk 1:32:44]} Nd7 {[%clk
1:28:04]} 10. Nbd2 {[%clk 1:29:33]} b6 {[%clk 1:26:19]} 11. Bc4+ {[%clk 1:13:32]}
Kh8 {[%clk 1:25:55]} 12. Bd5 {[%clk 1:13:22]} Nxd2 {[%clk 1:26:13]} 13. Qxd2
{[%clk 1:13:46]} Ba6 {[%clk 1:24:12]} 14. Rfe1 {[%clk 1:13:03]} Rc8 {[%clk
1:24:21]} 15. Ng5 {[%clk 1:07:39]} Qe8 {[%clk 1:23:53]} 16. Ne6 {[%clk 1:07:37]}
Rf6 {[%clk 1:22:49]} 17. Nxg7 {[%clk 1:04:33]} Kxg7 {[%clk 1:23:15]} 18. Bb3
{[%clk 1:02:36]} Bb7 {[%clk 1:18:50]} 19. Rad1 {[%clk 0:59:09]} c4 {[%clk
1:18:27]} 20. Bc2 {[%clk 0:59:09]} d5 {[%clk 1:17:20]} 21. b3 {[%clk 0:52:37]}
Rfc6 {[%clk 1:16:47]} 22. Rc1 {[%clk 0:52:39]} Ba6 {[%clk 1:14:09]} 23. a4 {[%clk
0:46:15]} cxb3 {[%clk 1:14:26]} 24. Bxb3 {[%clk 0:46:37]} Bc4 {[%clk 1:14:51]}
25. Qa2 {[%clk 0:39:59]} a6 {[%clk 1:10:43]} 26. Bxc4 {[%clk 0:38:27]} Rxc4
{[%clk 1:11:08]} 27. Qb3 {[%clk 0:37:50]} Qf7 {[%clk 1:11:00]} 28. Rc2 {[%clk
0:34:15]} Qe6 {[%clk 1:11:23]} 29. Ra1 {[%clk 0:32:22]} Qc6 {[%clk 1:11:33]} 30.
Qa3 {[%clk 0:26:43]} Kf7 {[%clk 1:11:50]} 31. a5 {[%clk 0:24:27]} b5 {[%clk
1:11:43]} 32. Rac1 {[%clk 0:17:56]} Ra4 {[%clk 1:11:19]} 33. Qb2 {[%clk 0:18:19]}
Rxa5 {[%clk 1:10:49]} 34. Bf4 {[%clk 0:17:05]} Ra4 {[%clk 1:08:42]} 35. Ra1
{[%clk 0:16:01]} Rxa1+ {[%clk 1:08:20]} 36. Qxa1 {[%clk 0:16:29]} b4 {[%clk
1:07:40]} 37. Ra2 {[%clk 0:09:18]} Qxc3 {[%clk 1:07:37]} 38. Rxa6 {[%clk
0:09:00]} b3 {[%clk 1:06:06]} 39. Qa4 {[%clk 0:04:45]} Qc4 {[%clk 0:56:22]} 40.
Kh2 {[%clk 0:31:18]} b2 {[%clk 1:22:40]} 41. Qxd7 {[%clk 0:24:11]} Qxa6 {[%clk
1:22:47]} 42. Qxd5+ {[%clk 0:24:39]} Qe6 {[%clk 1:14:02]} 43. Qb7 {[%clk
0:24:54]} Qa2 {[%clk 1:10:23]} 44. Qxc8 {[%clk 0:18:13]} b1Q {[%clk 1:10:41]} 45.
Qh8 {[%clk 0:18:24]} Qxf2 {[%clk 1:07:58]} 46. Qxh7+ {[%clk 0:18:48]} Ke8 {[%clk
1:07:25]} 47. Qg8+ {[%clk 0:18:35]} Kd7 {[%clk 1:06:44]} 48. Qd5+ {[%clk
0:18:55]} 1/2-1/2

[Event "Women's Baku Chess Olympiad"]
[Site "chess24.com"]
[Date "2016.09.06"]
[Round "5"]
[White "Psaila, Uranchimeg"]
[Black "Nurse, Lydia"]
[Result "1-0"]
[Board "4"]
[WhiteID "5600804"]
[WhiteElo "1483"]
[WhiteCountry "MLT"]
[WhiteFideId "5600804"]
[WhiteEloChange "5"]
[BlackID "11101261"]
[BlackElo "1291"]
[BlackTitle "WCM"]
[BlackCountry "BAR"]
[BlackFideId "11101261"]
[BlackEloChange "-5"]

1. d4 {[%clk 1:30:48]} e6 {[%clk 1:30:42]} 2. e4 {[%clk 1:28:57]} Bb4+ {[%clk
1:30:01]} 3. c3 {[%clk 1:29:00]} Ba5 {[%clk 1:28:18]} 4. Nf3 {[%clk 1:28:46]} d5
{[%clk 1:26:33]} 5. e5 {[%clk 1:26:00]} Nd7 {[%clk 1:22:34]} 6. Bd3 {[%clk
1:23:40]} Ne7 {[%clk 1:20:21]} 7. O-O {[%clk 1:21:49]} O-O {[%clk 1:17:51]} 8.
Bc2 {[%clk 1:17:14]} Bb6 {[%clk 1:15:41]} 9. Qd3 {[%clk 1:09:57]} Nf5 {[%clk
1:13:35]} 10. g4 {[%clk 1:06:00]} g6 {[%clk 1:11:08]} 11. gxf5 {[%clk 1:02:49]}
exf5 {[%clk 1:08:29]} 12. Qe3 {[%clk 0:58:38]} Re8 {[%clk 1:06:38]} 13. Qh6
{[%clk 0:55:18]} Nf8 {[%clk 1:01:09]} 14. Bg5 {[%clk 0:52:46]} f6 {[%clk
0:50:21]} 15. Bxf6 {[%clk 0:51:27]} Qd7 {[%clk 0:48:49]} 16. Ng5 {[%clk 0:47:11]}
Ne6 {[%clk 0:41:17]} 17. f4 {[%clk 0:36:26]} c5 {[%clk 0:35:19]} 18. Bxf5 {[%clk
0:27:09]} gxf5 {[%clk 0:30:58]} 19. Nxe6 {[%clk 0:26:50]} Rxe6 {[%clk 0:17:12]}
20. Rf3 {[%clk 0:26:07]} Rxf6 {[%clk 0:15:39]} 21. Qxf6 {[%clk 0:25:58]} Qf7
{[%clk 0:15:33]} 22. Rg3+ {[%clk 0:25:12]} Kf8 {[%clk 0:15:33]} 23. Qh8+ {[%clk
0:24:25]} Ke7 {[%clk 0:13:35]} 24. Rg7 {[%clk 0:23:55]} Qxg7+ {[%clk 0:12:42]}
25. Qxg7+ {[%clk 0:24:15]} Ke8 {[%clk 0:12:26]} 26. Qg8+ {[%clk 0:21:42]} Ke7
{[%clk 0:11:45]} 27. Qxd5 {[%clk 0:21:23]} cxd4 {[%clk 0:09:11]} 28. Qd6+ {[%clk
0:20:38]} Kf7 {[%clk 0:08:48]} 29. cxd4 {[%clk 0:20:23]} Be6 {[%clk 0:08:05]} 30.
Nc3 {[%clk 0:18:42]} Rd8 {[%clk 0:06:59]} 31. Qb4 {[%clk 0:18:07]} Rxd4 {[%clk
0:06:45]} 32. Qa3 {[%clk 0:16:08]} Ra4+ {[%clk 0:06:34]} 33. Kg2 {[%clk 0:16:03]}
Rxa3 {[%clk 0:07:01]} 34. bxa3 {[%clk 0:16:13]} Kg6 {[%clk 0:06:43]} 35. Kf3
{[%clk 0:15:52]} Kh5 {[%clk 0:06:58]} 36. Rd1 {[%clk 0:14:29]} Bc5 {[%clk
0:05:36]} 37. a4 {[%clk 0:12:24]} a6 {[%clk 0:04:04]} 38. Rd8 {[%clk 0:12:05]}
Kh4 {[%clk 0:04:10]} 39. Re8 {[%clk 0:10:58]} Bd7 {[%clk 0:02:54]} 40. Rg8 {[%clk
0:39:22]} h5 {[%clk 0:32:17]} 41. Rg7 {[%clk 0:36:07]} Bc6+ {[%clk 0:31:51]} 42.
Ke2 {[%clk 0:35:51]} Kh3 {[%clk 0:31:44]} 43. e6 {[%clk 0:35:10]} Bd4 {[%clk
0:31:14]} 44. Rh7 {[%clk 0:34:12]} h4 {[%clk 0:30:31]} 45. Kd3 {[%clk 0:31:50]}
Bg1 {[%clk 0:28:49]} 46. Rf7 {[%clk 0:28:48]} Kg4 {[%clk 0:25:58]} 47. e7 {[%clk
0:25:27]} Bxh2 {[%clk 0:25:02]} 48. Rg7+ {[%clk 0:24:27]} Kxf4 {[%clk 0:23:14]}
49. Nd5+ {[%clk 0:23:37]} Kf3 {[%clk 0:22:27]} 50. Rg8 {[%clk 0:20:50]} h3 {[%clk
0:21:29]} 51. e8Q {[%clk 0:20:50]} Bxe8 {[%clk 0:21:29]} 52. Rxe8 {[%clk
0:20:17]} Bg1 {[%clk 0:21:03]} 53. Rh8 {[%clk 0:18:50]} h2 {[%clk 0:21:17]} 54.
Nc3 {[%clk 0:13:46]} Kg2 {[%clk 0:19:27]} 55. Rg8+ {[%clk 0:12:19]} Kf1 {[%clk
0:17:54]} 56. Rh8 {[%clk 0:12:07]} Kg2 {[%clk 0:16:00]} 57. Ne2 {[%clk 0:11:02]}
Bf2 {[%clk 0:14:57]} 58. Rxh2+ {[%clk 0:08:15]} Kxh2 {[%clk 0:14:56]} 59. Nf4
{[%clk 0:07:52]} Kg3 {[%clk 0:14:34]} 60. Nd5 {[%clk 0:06:55]} Kh4 {[%clk
0:12:18]} 61. Ke2 {[%clk 0:06:48]} Bc5 {[%clk 0:12:11]} 62. Kf3 {[%clk 0:06:37]}
Kg5 {[%clk 0:12:14]} 63. Nf4 {[%clk 0:06:10]} Kh4 {[%clk 0:10:24]} 64. Ne6 {[%clk
0:05:14]} Bd6 {[%clk 0:06:13]} 65. Nd4 {[%clk 0:05:10]} f4 {[%clk 0:04:20]} 66.
Nf5+ {[%clk 0:05:12]} Kg5 {[%clk 0:03:34]} 67. Nxd6 {[%clk 0:05:29]} Kf6 {[%clk
0:02:27]} 68. Nxb7 {[%clk 0:05:22]} Ke5 {[%clk 0:02:46]} 69. Nc5 {[%clk 0:05:12]}
Kd5 {[%clk 0:03:11]} 70. Nxa6 {[%clk 0:05:00]} Kc6 {[%clk 0:03:16]} 71. Kxf4
{[%clk 0:05:10]} Kb6 {[%clk 0:03:43]} 72. Nb4 {[%clk 0:05:09]} Ka5 {[%clk
0:03:37]} 73. Nc2 {[%clk 0:03:42]} Kxa4 {[%clk 0:03:05]} 74. Ke3 {[%clk 0:03:44]}
Kb5 {[%clk 0:02:51]} 75. Kd3 {[%clk 0:03:49]} Ka5 {[%clk 0:03:10]} 76. Kc4 {[%clk
0:03:51]} Ka4 {[%clk 0:03:13]} 77. Kc3 {[%clk 0:04:05]} Ka5 {[%clk 0:03:30]} 78.
Kb3 {[%clk 0:04:21]} Kb5 {[%clk 0:03:42]} 79. a4+ {[%clk 0:04:25]} Ka5 {[%clk
0:02:42]} 80. Nb4 {[%clk 0:04:42]} Kb6 {[%clk 0:02:41]} 81. Nd3 {[%clk 0:04:25]}
Ka5 {[%clk 0:02:59]} 82. Nb2 {[%clk 0:04:33]} Ka6 {[%clk 0:03:10]} 83. Kb4 {[%clk
0:04:51]} Kb6 {[%clk 0:03:36]} 84. Nc4+ {[%clk 0:05:01]} Ka6 {[%clk 0:03:16]} 85.
Kc5 {[%clk 0:04:57]} Ka7 {[%clk 0:03:31]} 86. Kb5 {[%clk 0:05:10]} Kb7 {[%clk
0:03:55]} 87. a5 {[%clk 0:05:17]} Ka7 {[%clk 0:04:12]} 88. Nb6 {[%clk 0:05:21]}
Kb7 {[%clk 0:04:30]} 89. a6+ {[%clk 0:05:02]} Ka7 {[%clk 0:04:57]} 90. Nc8+
{[%clk 0:04:32]} Kb8 {[%clk 0:05:15]} 91. Kb6 {[%clk 0:02:54]} Ka8 {[%clk
0:05:19]} 92. Nd6 {[%clk 0:02:58]} Kb8 {[%clk 0:05:35]} 93. Nb5 {[%clk 0:02:57]}
Ka8 {[%clk 0:05:45]} 94. Kc6 {[%clk 0:02:30]} Kb8 {[%clk 0:05:52]} 95. Nc7 {[%clk
0:01:38]} Ka7 {[%clk 0:05:56]} 96. Kb5 {[%clk 0:01:22]} Kb8 {[%clk 0:05:24]} 97.
Kb6 {[%clk 0:01:39]} Kc8 {[%clk 0:05:03]} 98. a7 {[%clk 0:01:54]} 1-0

[Event "Women's Baku Chess Olympiad"]
[Site "chess24.com"]
[Date "2016.09.06"]
[Round "5"]
[White "McDowell, Sharon"]
[Black "Bekheet, Suhailah"]
[Result "1-0"]
[Board "2"]
[WhiteID "8401489"]
[WhiteElo "1685"]
[WhiteCountry "HON"]
[WhiteFideId "8401489"]
[WhiteEloChange "2"]
[BlackID "10301216"]
[BlackElo "1059"]
[BlackCountry "KUW"]
[BlackFideId "10301216"]
[BlackEloChange "-2"]

1. d4 {[%clk 1:30:56]} d5 {[%clk 1:30:47]} 2. Nf3 {[%clk 1:31:18]} Nf6 {[%clk
1:30:32]} 3. Bf4 {[%clk 1:31:40]} h6 {[%clk 1:29:26]} 4. h3 {[%clk 1:31:31]} Nc6
{[%clk 1:28:32]} 5. e3 {[%clk 1:31:53]} Bf5 {[%clk 1:28:09]} 6. a3 {[%clk
1:32:11]} e6 {[%clk 1:28:14]} 7. c4 {[%clk 1:32:26]} Be7 {[%clk 1:24:37]} 8. Be2
{[%clk 1:32:31]} O-O {[%clk 1:23:48]} 9. O-O {[%clk 1:32:56]} a6 {[%clk 1:23:55]}
10. Nc3 {[%clk 1:33:17]} Rc8 {[%clk 1:21:26]} 11. b4 {[%clk 1:28:16]} b5 {[%clk
1:19:39]} 12. cxb5 {[%clk 1:28:19]} axb5 {[%clk 1:18:50]} 13. Bxb5 {[%clk
1:27:29]} Na7 {[%clk 1:17:57]} 14. Bd3 {[%clk 1:27:17]} c6 {[%clk 1:17:24]} 15.
Bxf5 {[%clk 1:26:56]} exf5 {[%clk 1:15:30]} 16. Rc1 {[%clk 1:21:48]} Qd7 {[%clk
1:12:30]} 17. Qb3 {[%clk 1:18:19]} Nh5 {[%clk 1:10:15]} 18. Bh2 {[%clk 1:17:51]}
Rfe8 {[%clk 1:08:52]} 19. a4 {[%clk 1:16:16]} Bf6 {[%clk 1:08:24]} 20. b5 {[%clk
1:14:26]} Rcd8 {[%clk 1:07:34]} 21. b6 {[%clk 1:13:22]} Nc8 {[%clk 1:07:19]} 22.
a5 {[%clk 1:13:31]} f4 {[%clk 1:07:27]} 23. Ne2 {[%clk 1:11:30]} fxe3 {[%clk
1:05:04]} 24. fxe3 {[%clk 1:11:39]} Nd6 {[%clk 1:03:50]} 25. Ne5 {[%clk 0:58:53]}
Qe6 {[%clk 1:02:46]} 26. Rxc6 {[%clk 0:56:23]} Bh4 {[%clk 1:01:00]} 27. a6 {[%clk
0:19:02]} f6 {[%clk 1:01:01]} 28. Ng4 {[%clk 0:19:23]} Qf7 {[%clk 1:00:09]} 29.
Rxd6 {[%clk 0:19:15]} Rxd6 {[%clk 1:00:18]} 30. Bxd6 {[%clk 0:19:36]} f5 {[%clk
0:59:00]} 31. b7 {[%clk 0:19:35]} fxg4 {[%clk 0:59:09]} 32. Rxf7 {[%clk 0:19:56]}
Kxf7 {[%clk 0:59:07]} 33. Qxd5+ {[%clk 0:20:18]} Kg6 {[%clk 0:58:53]} 34. b8Q
{[%clk 0:20:18]} Rxe3 {[%clk 0:58:47]} 35. Qb1+ {[%clk 0:17:43]} Kf6 {[%clk
0:58:15]} 36. Qbf5# {[%clk 0:18:07]} 1-0

[Event "Women's Baku Chess Olympiad"]
[Site "chess24.com"]
[Date "2016.09.06"]
[Round "5"]
[White "Ashley, Christiana Naa Merley"]
[Black "Jambo, Linda"]
[Result "0-1"]
[Board "4"]
[WhiteID "12600474"]
[WhiteElo "1390"]
[WhiteCountry "GHA"]
[WhiteFideId "12600474"]
[WhiteEloChange "-5"]
[BlackID "16400054"]
[BlackElo "1561"]
[BlackTitle "WFM"]
[BlackCountry "MAW"]
[BlackFideId "16400054"]
[BlackEloChange "5"]

1. e4 {[%clk 1:30:48]} e5 {[%clk 1:30:42]} 2. Nf3 {[%clk 1:31:09]} Nc6 {[%clk
1:30:38]} 3. Bc4 {[%clk 1:31:30]} Nf6 {[%clk 1:29:05]} 4. Nc3 {[%clk 1:31:15]} h6
{[%clk 1:28:45]} 5. d4 {[%clk 1:30:48]} exd4 {[%clk 1:26:59]} 6. Nxd4 {[%clk
1:31:08]} Bb4 {[%clk 1:25:04]} 7. Ne2 {[%clk 1:29:08]} Nxe4 {[%clk 1:22:52]} 8.
Qd5 {[%clk 1:29:26]} Nd6 {[%clk 1:02:40]} 9. Bf4 {[%clk 1:29:04]} Nxc4 {[%clk
0:55:55]} 10. Qe4+ {[%clk 1:28:25]} N4e5 {[%clk 0:50:28]} 11. Bxe5 {[%clk
1:28:19]} O-O {[%clk 0:48:21]} 12. O-O-O {[%clk 1:21:22]} Re8 {[%clk 0:46:59]}
13. Rd5 {[%clk 1:21:15]} d6 {[%clk 0:24:59]} 14. a3 {[%clk 1:20:33]} Bxc3 {[%clk
0:19:06]} 15. Nxc3 {[%clk 1:20:04]} Rxe5 {[%clk 0:18:38]} 16. Rxe5 {[%clk
1:16:59]} Nxe5 {[%clk 0:18:46]} 17. Re1 {[%clk 1:16:48]} c6 {[%clk 0:17:31]} 18.
f4 {[%clk 1:16:40]} f5 {[%clk 0:13:57]} 19. Qe2 {[%clk 1:14:54]} Nf7 {[%clk
0:12:43]} 20. Qe8+ {[%clk 1:14:10]} Qxe8 {[%clk 0:12:53]} 21. Rxe8+ {[%clk
1:14:31]} Kh7 {[%clk 0:13:12]} 22. Re7 {[%clk 1:12:59]} Nh8 {[%clk 0:12:49]} 23.
Ne2 {[%clk 1:13:27]} Ng6 {[%clk 0:12:55]} 24. Re8 {[%clk 1:13:17]} b5 {[%clk
0:11:42]} 25. g3 {[%clk 1:13:29]} Bb7 {[%clk 0:10:48]} 26. Re6 {[%clk 1:13:17]}
Rd8 {[%clk 0:07:30]} 27. Nd4 {[%clk 1:13:40]} Bc8 {[%clk 0:07:36]} 28. Re1 {[%clk
1:13:41]} Bd7 {[%clk 0:07:18]} 29. h4 {[%clk 1:13:52]} c5 {[%clk 0:07:27]} 30.
Nf3 {[%clk 1:12:27]} Re8 {[%clk 0:07:23]} 31. Rd1 {[%clk 1:12:40]} Re3 {[%clk
0:07:10]} 32. Rf1 {[%clk 1:11:12]} Bc6 {[%clk 0:07:24]} 33. Kd2 {[%clk 1:11:13]}
Rxf3 {[%clk 0:07:42]} 34. Rxf3 {[%clk 1:11:10]} Bxf3 {[%clk 0:08:11]} 35. Ke3
{[%clk 1:11:05]} Be4 {[%clk 0:08:04]} 36. c3 {[%clk 1:11:10]} Bh1 {[%clk
0:07:53]} 37. b4 {[%clk 1:10:29]} Ne7 {[%clk 0:08:04]} 38. bxc5 {[%clk 1:10:03]}
dxc5 {[%clk 0:08:31]} 39. Kd2 {[%clk 1:09:52]} a5 {[%clk 0:08:33]} 40. Kd3 {[%clk
1:39:25]} Be4+ {[%clk 0:38:36]} 41. Kd2 {[%clk 1:39:31]} Nd5 {[%clk 0:38:31]} 42.
h5 {[%clk 1:39:24]} Bf3 {[%clk 0:35:38]} 43. Kd3 {[%clk 1:39:48]} Bxh5 {[%clk
0:35:48]} 44. c4 {[%clk 1:40:14]} Nc7 {[%clk 0:33:53]} 45. Kc3 {[%clk 1:40:08]}
b4+ {[%clk 0:33:41]} 46. axb4 {[%clk 1:40:27]} axb4+ {[%clk 0:34:03]} 47. Kb3
{[%clk 1:40:35]} Be2 {[%clk 0:34:16]} 48. Ka4 {[%clk 1:39:55]} Bxc4 {[%clk
0:34:28]} 49. Ka5 {[%clk 1:39:57]} b3 {[%clk 0:34:16]} 50. Kb6 {[%clk 1:40:06]}
Ne6 {[%clk 0:34:33]} 51. Kc6 {[%clk 1:40:18]} b2 {[%clk 0:34:56]} 52. Kd6 {[%clk
1:40:45]} b1Q {[%clk 0:34:14]} 53. Ke5 {[%clk 1:41:05]} Qb8+ {[%clk 0:34:20]} 0-1

[Event "Women's Baku Chess Olympiad"]
[Site "chess24.com"]
[Date "2016.09.06"]
[Round "5"]
[White "Joyce Nyaruai"]
[Black "Faqeeh, Yara"]
[Result "*"]
[Board "4"]
[WhiteID "10802886"]
[WhiteElo "1482"]
[WhiteTitle "WCM"]
[WhiteCountry "KEN"]
[WhiteFideId "10802886"]
[BlackID "11501642"]
[BlackElo "1499"]
[BlackCountry "PLE"]
[BlackFideId "11501642"]

1. d4 {[%clk 1:30:30]} Nf6 {[%clk 1:30:30]} 2. Nf3 {[%clk 1:30:30]} g6 {[%clk
1:30:50]} 3. Bf4 {[%clk 1:30:30]} Bg7 {[%clk 1:30:50]} 4. e3 {[%clk 1:30:30]} O-O
{[%clk 1:31:10]} 5. Bd3 {[%clk 1:30:30]} d6 {[%clk 1:31:10]} 6. Nbd2 {[%clk
1:30:49]} Nbd7 {[%clk 1:31:10]} 7. h3 {[%clk 1:30:49]} c5 {[%clk 1:31:10]} 8. O-O
{[%clk 1:30:49]} b6 {[%clk 1:31:19]} 9. Bh2 {[%clk 1:31:09]} Bb7 {[%clk 1:31:39]}
10. Rc1 {[%clk 1:31:09]} Rc8 {[%clk 1:31:39]} 11. c3 {[%clk 1:31:09]} Qc7 {[%clk
1:31:59]} 12. Bb1 {[%clk 1:31:09]} Qc6 {[%clk 1:32:18]} 13. Re1 {[%clk 1:31:09]}
e5 {[%clk 1:32:39]} 14. Nc4 {[%clk 1:31:09]} Ne8 {[%clk 1:32:49]} 15. dxe5 {[%clk
1:31:29]} Nxe5 {[%clk 1:32:49]} 16. Ncxe5 {[%clk 1:31:49]} Bxe5 {[%clk 1:32:49]}
17. Bxe5 {[%clk 1:31:49]} dxe5 {[%clk 1:32:49]} 18. Re2 {[%clk 1:31:59]} Nf6
{[%clk 1:33:09]} 19. Rd2 {[%clk 1:31:59]} Qc7 {[%clk 1:33:29]} 20. Qc2 {[%clk
1:32:19]} e4 {[%clk 1:33:29]} 21. Nh2 {[%clk 1:32:39]} Rfd8 {[%clk 1:33:29]} 22.
Rcd1 {[%clk 1:32:39]} Kg7 {[%clk 1:33:25]} 23. a3 {[%clk 1:32:39]} Qe7 {[%clk
1:33:25]} 24. b4 {[%clk 1:32:39]} Rxd2 {[%clk 1:33:25]} *